000 00395nam a2200133Ia 4500
008 231221s9999 xx 000 0 und d
020 _a978-1-4020-3304-9
041 _aEnglish
100 _aRobert J.K. Jacob, Quentin Limbourg, Jean Vanderdonckt
245 0 _aComputer-Aided Design of User Interfaces IV
260 _c2005
_bSpringer US
_aNew York
650 _aComputer Science
942 _cEB
999 _c218437
_d218437